Top 25 Baby Girl Names beginning with W - Statistics

General Stats
  • This quiz has been taken 302 times
  • The average score is 7 of 25
Answer Stats
Rank Name % Correct
11 Wan
80%
1 Willow
80%
12 Wendy
78%
3 Willa
68%
6 Winnie
65%
25 Winifred
46%
15 Winona
41%
5 Wren
39%
9 Whitney
37%
2 Winter
35%
16 Wesley
34%
21 Wilhelmina
31%
22 Wyatt
23%
7 Waverly
22%
8 Whitley
11%
4 Wynter
11%
14 Wednesday
10%
10 Wrenley
8%
13 Ward
5%
24 Wisdom
5%
18 Wells
4%
23 Weslynn
1%
20 Westlyn
1%
17 Winry
1%
19 Whitlee
0%
No matching quizzes found
Score Distribution
Percent of People with Each Score
Percentile by Number Answered
Your Score History
You have not taken this quiz